Statistics for Olympic Climbers

Click here to take the quiz!

General Stats

  • This quiz has been taken 12 times
  • The average score is 13 of 40

Answer Stats

Answer% Correct
Adam Ondra
83%
Alexander Megos
83%
Brooke Raboutou
83%
Janja Garnbret
83%
Alberto Ginés López
67%
Colin Duffy
67%
Jakob Schubert
67%
Tomoa Narasaki
67%
Bassa Mawem
50%
Mickael Mawem
50%
Nathaniel Coleman
50%
Akiyo Noguchi
33%
Chaehyun Seo
33%
Jessica Pilz
33%
Laura Rogora
33%
Mia Krampl
33%
Miho Nonaka
33%
Oceania Mackenzie
33%
Alannah Yip
17%
Aleksandra Miroslaw
17%
Anouck Jaubert
17%
Erin Sterkenburg
17%
Iuliia Kaplina
17%
Jan Hojer
17%
Jongwon Chon
17%
Julia Chanourdie
17%
Kai Harada
17%
Kyra Condie
17%
Ludovico Fossali
17%
Michael Piccolruaz
17%
Petra Klingler
17%
Rishat Khaibullin
17%
Sean Mccoll
17%
Shauna Coxsey
17%
Tom O'halloran
17%
Yufei Pan
17%
Aleksey Rubtsov
0%
Christopher Cosser
0%
Viktoriia Meshkova
0%
Yiling Song
0%

Score Distribution

Percentile by Number Answered

Percent of People with Each Score

Your Score History

You have not taken this quiz